Re-dressing the canon : essays on theater and gender /

সংরক্ষণ করুন:
গ্রন্থ-পঞ্জীর বিবরন
প্রধান লেখক: Solomon, Alisa (লেখক)
বিন্যাস: গ্রন্থ
ভাষা:ইংরেজি
প্রকাশিত: London ; New York : Routledge, 1997
ট্যাগগুলো: ট্যাগ যুক্ত করুন
কোনো ট্যাগ নেই, প্রথমজন হিসাবে ট্যাগ করুন!

MARC

LEADER 00000nam a22000007i 4500
001 IT\ICCU\MIL\0406347
003 ItRI
005 20260115231817.0
008 990318s1997 xxk|||||| ||||| |||||c
020 |a 041515720X 
020 |a 0415157218 
040 |b ita  |c importazione bologna sebina 
041 7 |a eng  |2 ISO-639-2 
100 1 |a Solomon, Alisa  |0 IT\ICCU\MILV\217214  |4 aut 
245 1 0 |a Re-dressing the canon :  |b essays on theater and gender /  |c Alisa Solomon. 
260 |a London ;  |a New York :  |b Routledge,  |c 1997 
300 |a X, 208 p. ;  |c 22 cm. 
942 |2 ddc  |c BK  |n 0 
952 |0 0  |1 0  |4 0  |6 DOC_792_082000000000000_SOL  |7 0  |9 13219  |a BO  |b BO  |d 2026-01-15  |i 18615  |l 0  |o DOC 792.082 SOL  |p BO18615  |r 2026-01-15 23:18:17  |w 2026-01-15  |x [Sebina 5] [1 v.]  |y BK  |z 1 v. 
999 |c 11342  |d 11342